| 000 | 01188nam a22002417a 4500 | ||
|---|---|---|---|
| 003 | OSt | ||
| 005 | 20160620110126.0 | ||
| 008 | 150409b2011 slv spa | ||
| 040 | _cBMC | ||
| 082 | _a004.21 | ||
| 082 | _a021.65 | ||
| 100 | 1 |
_934809 _aHernández Quiteño, Vicente Antonio |
|
| 245 | 1 | 0 |
_aImplementación de un Centro de cómputo para mejorar el desarrollo socioeducativo, del caserío Menéndez Zetino del Municipio y Departamento de Santa Ana _b: Informe final del proyecto _cVicente Antonio Hernández Quiteño, Carlos Humberto Menéndez Guerrero |
| 260 |
_aSanta Ana (El Salvador) _bUniversidad Católica de El Salvador _c2011 |
||
| 300 |
_a88 h. _bil. col _c28 cm _e+ 1 disco compacto |
||
| 500 | _aPrecede al tít.: Universidad Católica de El Salvador, Facultad de Ciencias Empresariales | ||
| 502 | _aPara optar al título de Licenciado en Sistemas Informáticos Administrativos | ||
| 650 | 2 | 4 |
_91736 _aAdministración de sistemas de información |
| 650 | 2 | 4 |
_94867 _aSistemas de información |
| 700 | 1 |
_934810 _aMenéndez Guerrero, Carlos Humberto |
|
| 710 | 2 |
_91067 _aUniversidad Católica de El Salvador _bFacultad de Ciencias Empresariales |
|
| 942 |
_2ddc _cTG |
||
| 999 |
_c21264 _d21264 |
||